Tea, Sea, or Tree? Quiz Stats

 Plays Quiz Updated Jul 13, 2018

Score 0/20 Timer 04:00
2 Plays Today
Name Tea, Sea, or Tree? % Correct
Caspian???
90.3%
Oolong???
85.9%
Bering???
85.4%
Darjeeling???
83.9%
Larch???
78.2%
Matcha???
77.9%
Tea tree???
74%
Maté???
72.9%
Rooibos???
68.9%
Tanoak???
63.5%
Name Tea, Sea, or Tree? % Correct
Andaman???
61.2%
Tupelo???
57.8%
Catalpa???
52.3%
Celebes???
51.6%
Java???
51.2%
Tisane???
50.8%
Chinkapin???
44.5%
Laptev???
39.5%
Madrone???
39.2%
Arafura???
30%

You're not logged in!

Compare scores with friends on all Sporcle quizzes.
OR
Log In

Sporcle TV

Today on Sporcle TV


Watch our educational content, quiz creation guides, and fun videos on Sporcle TV.

Show Comments

Extras

Top Quizzes Today


Score Distribution

Your Account Isn't Verified!

In order to create a playlist on Sporcle, you need to verify the email address you used during registration. Go to your Sporcle Settings to finish the process.

Report this User

Report this user for behavior that violates our Community Guidelines.

Details: